Normal view MARC view

Entry Personal Name

Number of records used in: 1

001 - CONTROL NUMBER

  • control field: 1179489

003 - CONTROL NUMBER IDENTIFIER

  • control field: OSt

005 - DATE AND TIME OF LATEST TRANSACTION

  • control field: 20260324125828.0

008 - FIXED-LENGTH DATA ELEMENTS

  • fixed length control field: 260324|| aca||aabn | a|a d

040 ## - CATALOGING SOURCE

  • Original cataloging agency: OSt
  • Transcribing agency: OSt

100 ## - HEADING--PERSONAL NAME

  • Personal name: J. Christian Russ; John C. Russ

670 ## - SOURCE DATA FOUND

  • Source citation: Work cat.: (OSt)1775078: J. Christian Russ; John C. Russ, Introduction to Image Processing and Analysis
Copyright @ Delhi University Library System